000 00263nam a22001217a 4500
008 181001b xxu||||| |||| 00| 0 eng d
041 _aeng
080 _a573
100 _a11
101 _aBIO
245 _aSoil-plant relationships
_cBlack,C.A
942 _2udc
_cBK
999 _c48761
_d48761